Spanish Dialects - Statistics

General Stats
  • This quiz has been taken 204 times
    197 since last reset
  • The average score is 33 of 75
Answer Stats
Continent Dialect % Correct
Catalan Castilian
96%
Northern Castilian
85%
Galician Castilian
83%
Mexican Standard
83%
Central Venezuelan
80%
Guatemalan
79%
Panamanian
79%
Chilean
78%
Costa Rican
78%
Cuban
78%
Dominican
78%
Salvadoran
78%
Honduran
75%
Nicaraguan
75%
Rioplatense
74%
Europe Standard Castilian
71%
Aragonese Castilian
68%
Equatorial
67%
Leonese Castilian
67%
Paraguayan
67%
Amazonic
63%
Asia Philippine Spanish
63%
Equatoguinean Spanish
62%
Madridian
62%
Western Andalusian
62%
Californian Spanish
59%
Louisiana Isleño
59%
Belizean
58%
Africa Canarian
58%
Eastern Andalusian
58%
Castúo
56%
Puerto Rican
55%
Andean
54%
Yucateco
53%
Murcian
52%
Central Mexican
51%
Guyanese Spanish
47%
North America New Mexican Spanish
45%
Manchego
43%
Northern Central Mexican
41%
Baja California
39%
Bogotan
39%
Northwestern Mexican
38%
Ribereño
37%
Andean Ribereño
36%
Northeastern Mexican
36%
Western Mexican
34%
Oaxacan
33%
Riojan
32%
Sahrawi Spanish
32%
Eastern Venezuelan
28%
Chiapaneco
27%
Cordobés
26%
Veracruz
25%
Churro
19%
Caribbean Colombian
16%
Cuyo
16%
Aruban
15%
Costeño
15%
Tabasco
15%
Colombian Isleño
13%
Barranquillan
10%
Paisa
9%
Camba
8%
Chapaco
8%
Santanderean
7%
Cundiboyacan
6%
Chilote
4%
Llanero
4%
Marabino
4%
Valluno
4%
Opita
3%
Caliche
2%
Fraylescan
1%
Vallegrandino
1%
No matching quizzes found
Score Distribution
Percent of People with Each Score
Percentile by Number Answered
Your Score History
You have not taken this quiz since the last reset